Ground water surveys and investigation / (Record no. 13421)
[ view plain ]
| 000 -LEADER | |
|---|---|
| fixed length control field | 00443cam a2200169ua 4500 |
| 041 ## - LANGUAGE CODE | |
| Language code of text/sound track or separate title | eng |
| 082 ## - DEWEY DECIMAL CLASSIFICATION NUMBER | |
| Classification number | 551.49 |
| Item number | MAH/GR |
| 100 ## - MAIN ENTRY--AUTHOR NAME | |
| Personal name | Mahajan, Gautam . |
| 245 ## - TITLE STATEMENT | |
| Title | Ground water surveys and investigation / |
| 260 ## - PUBLICATION, DISTRIBUTION, ETC. (IMPRINT) | |
| Place of publication | Newdelhi : |
| Name of publisher | APH publishing corporation , |
| Year of publication | 2009. |
| 300 ## - PHYSICAL DESCRIPTION | |
| Number of Pages | ; . |
| 942 ## - ADDED ENTRY ELEMENTS (KOHA) | |
| Koha item type | Books |
| Withdrawn status | Lost status | Damaged status | Home library | Current library | Date acquired | Full call number | Accession Number | Koha item type |
|---|---|---|---|---|---|---|---|---|
| KAUAET | KAUAET | 07/04/2012 | 551.49 MAH/GR | 22139 | Books |
